| 000 | 00790nam a2200241Ia 4500 | ||
|---|---|---|---|
| 003 | GCL | ||
| 008 | 140319s9999 xx 000 0 ara d | ||
| 020 | _a1119117977 | ||
| 040 |
_aGCL / _cGCL |
||
| 082 | 0 | 4 |
_a354.3 _bز ا |
| 100 | 1 | _aزكريا طاحون | |
| 245 | 1 | 0 |
_aادارة البيئة نحو الانتاج الانظف / _cزكريا طاحون |
| 250 | _aالاولى | ||
| 260 |
_aالقاهرة : _bجمعية المكتب العربى للبحوث والبيئة ، _c2005 |
||
| 300 |
_a318 ص ؛ _c25 سم |
||
| 650 | 0 | 4 | _aتلوث البيئة |
| 650 | 0 | 4 | _aحماية البيئة |
| 650 | 0 | 4 | _aالتلوث |
| 650 | 0 | 4 | _aالموارد الطبيعية |
| 650 | 0 | 4 | _aالمخلفات الصناعية |
| 650 | 0 | 4 | _aالبيئة - علم |
| 942 |
_2ddc _cBK |
||
| 999 |
_c44741 _d44741 |
||